书目信息 |
| 题名: |
自动化生产线安装与调试
|
|
| 作者: | 郭平 主编 | |
| 分册: | ||
| 出版信息: | 北京 中国水利水电出版社 2015 |
|
| 页数: | 168页 | |
| 开本: | 26cm | |
| 丛书名: | 国家骨干高职院校工学结合创新成果系列教材 | |
| 单 册: | ||
| 中图分类: | TP278.06 | |
| 科图分类: | ||
| 主题词: | 自动生产线--zi dong sheng chan xian--安装--职业大学--教材 , 自动生产线--zi dong sheng chan xian--调试方法--职业大学--教材 | |
| 电子资源: | ||
| ISBN: | 978-7-5170-2956-4 | |
| 000 | 01470nam 2200277 450 | |
| 001 | 1651353390 | |
| 005 | 20161228153114.50 | |
| 010 | @a978-7-5170-2956-4@dCNY25.00 | |
| 100 | @a20150317d2015 em y0chiy50 ea | |
| 101 | 0 | @achi |
| 102 | @aCN@b110000 | |
| 105 | @aa a 000yy | |
| 106 | @ar | |
| 200 | 1 | @a自动化生产线安装与调试@Azi dong hua sheng chan xian an zhuang yu tiao shi@f郭平主编@Fguo ping zhu bian |
| 210 | @a北京@c中国水利水电出版社@d2015 | |
| 215 | @a168页@c图@d26cm | |
| 225 | 2 | @a国家骨干高职院校工学结合创新成果系列教材@Aguo jia gu gan gao zhi yuan xiao gong xue jie he chuang xin cheng guo xi lie jiao cai |
| 320 | @a有书目 (第168页) | |
| 330 | @a本书内容共有7个项目组成, 项目1介绍自动化生产线的特点、类型和应用, 以及BA-AT-03型自动化生产线的结构和基本功能 ; 项目2介绍西门子S7-1200 PLC的工作原理、编程基础 ; 项目3介绍自动化生产线的核心技术, 包括传感器、电机驱动技术、气动控制、工业通信网络技术、变频器技术等基础知识和应用 ; 项目四4介绍BA-AT-03型自动化生产线4个单元的安装与调试 ; 项目5介绍自动化生产线整体的安装与调试 ; 项目6介绍触摸屏在自动化生产线中的应用 ; 项目7介绍工业机器人的特点、应用和发展趋势。 | |
| 410 | 0 | @12001 @a国家骨干高职院校工学结合创新成果系列教材 |
| 606 | 0 | @a自动生产线@Azi dong sheng chan xian@x安装@x职业大学@j教材 |
| 606 | 0 | @a自动生产线@Azi dong sheng chan xian@x调试方法@x职业大学@j教材 |
| 690 | @aTP278.06@v5 | |
| 701 | 0 | @a郭平@Aguo ping@4主编 |
| 801 | 0 | @aCN@b人天书店@c20150317 |
| 905 | @aBZT@dTP278.06@e1 | |
| 自动化生产线安装与调试/郭平主编.-北京:中国水利水电出版社,2015 |
| 168页:图;26cm.-(国家骨干高职院校工学结合创新成果系列教材) |
| ISBN 978-7-5170-2956-4:CNY25.00 |
| 本书内容共有7个项目组成, 项目1介绍自动化生产线的特点、类型和应用, 以及BA-AT-03型自动化生产线的结构和基本功能 ; 项目2介绍西门子S7-1200 PLC的工作原理、编程基础 ; 项目3介绍自动化生产线的核心技术, 包括传感器、电机驱动技术、气动控制、工业通信网络技术、变频器技术等基础知识和应用 ; 项目四4介绍BA-AT-03型自动化生产线4个单元的安装与调试 ; 项目5介绍自动化生产线整体的安装与调试 ; 项目6介绍触摸屏在自动化生产线中的应用 ; 项目7介绍工业机器人的特点、应用和发展趋势。 |
| ● |
| 相关链接 |
|
|
|
正题名:自动化生产线安装与调试
索取号:TP278.06/1
 
预约/预借
| 序号 | 登录号 | 条形码 | 馆藏地/架位号 | 状态 | 备注 |
| 1 | 819533 | 2000819533 | 第二书库/ [索取号:TP278.06/1] | 在馆 | |
| 2 | 819534 | 2000819534 | 第二书库/ [索取号:TP278.06/1] | 在馆 | |
| 3 | 819535 | 2000819535 | 第二书库/ [索取号:TP278.06/1] | 在馆 |